New England Quiz - Statistics

General Stats
  • This quiz has been taken 14 times
  • The average score is 15 of 20
Answer Stats
Hint Answer % Correct
1) The largest city in New England Boston
100%
6) The oldest university in the US, builtin 1636 in Cambridge, MA Harvard
100%
5) The witch trials of 1692 took place inthis small town Salem
100%
7) The above rival, located in New Haven,CT established in 1701 Yale
100%
19) The Red Sox play in this famous ballpark, openedin 1912 Fenway Park
92%
16) Largest city in Maine Portland
92%
10) Popular vacation area of southeastern Mass,shaped like an elbow and arm Cape Cod
85%
20) Popular vacation island off the coast of southern Mass Marthas Vineyard
85%
12) There are over 30 towns named this, but thiswestern Mass city is the oldest Springfield
85%
17) Famous horror author also from the above Stephen King
85%
4) The Pilgrims made a small settlementin this coastal Mass town, named for the town in England they sailed from Plymouth
77%
8) The only national park in the northeast US,located in coastal Maine Acadia
69%
14) Large lake that straddles the line of Vermont andNew York Champlain
69%
18) Prestigious research Ivy league college locatedin Hanover, NH Dartmouth
69%
2) Highest peak in the region Mount Washington
69%
3) Range in which the above is locatedin New Hampshire White Mountains
62%
11) Mountain range of western Mass Berkshires
54%
9) Famous part of Rhode Island known for itsoceanside mansions of the richest families such as the Vanderbilts Newport
54%
15) Popular lake in New Hampshire known for itssummer rentals and activities Winnipesaukee
46%
13) Ethan Allen led this militia out of Vermont in the Revolutionary War, named for the state range Green Mountain Boys
38%
No matching quizzes found
Score Distribution
Percent of People with Each Score
Percentile by Number Answered
Your Score History
You have not taken this quiz